| 000 | 01546nam a2200469 i 4500 | ||
|---|---|---|---|
| 001 | 25773 | ||
| 003 | KOSZ 005 | ||
| 005 | 20200715100448.0 | ||
| 008 | 200715s1973 pl a f 000 0 pol | ||
| 015 | _aUWD 1974/1640 | ||
| 035 | _a991027818209705066 | ||
| 035 | _a(PL-WaBN)b17537101-48omnis_nlop | ||
| 035 | _ab17537101 | ||
| 035 | _a(OCoLC)749686689 | ||
| 035 | _a(PL)b0000001753710 | ||
| 035 | _a(EXLNZ-48OMNIS_NETWORK)9910299128705606 | ||
| 040 |
_aWA N _cWA N _dKOSZ 005/RW |
||
| 046 | _k1973 | ||
| 080 | _a621.397 | ||
| 080 | _a628.9 | ||
| 080 | _a535 | ||
| 100 | 1 |
_aWiśniewski, Bogdan _d(1952- ) _eAutor |
|
| 245 | 1 | 0 |
_aOświetlenie w telewizji barwnej : _bzagadnienia wybrane / _cBogdan Wiśniewski. |
| 260 |
_a[Warszawa] : _bWydawnictwa Radia i Telewizji, _c1973. |
||
| 300 |
_a203, [6] strony, [6] stron tablic : _bilustracje, wykresy ; _c22 cm. |
||
| 336 |
_aTekst _btxt _2rdacontent |
||
| 337 |
_aBez urządzenia pośredniczącego _bn _2rdamedia |
||
| 338 |
_aWolumin _bnc _2rdacarrier |
||
| 380 | _aKsiążki | ||
| 380 | _aPublikacje fachowe | ||
| 388 | 1 | _a1901-2000 | |
| 388 | 1 | _a1945-1989 | |
| 650 | 7 |
_aOświetlenie _2DBN |
|
| 650 | 7 |
_aTelewizja kolorowa _2DBN |
|
| 650 | 7 | _aTechnika | |
| 655 | 7 | _aOpracowanie | |
| 658 | _aInżynieria i technika | ||
| 710 | 2 |
_aWydawnictwa Radia i Telewizji _4pbl |
|
| 856 |
_uhttp://koha.tu.koszalin.pl/cgi-bin/koha/opac-detail.pl?biblionumber=25773 _yKatalog online BPK |
||
| 942 |
_2UKD _cKS |
||
| 999 |
_c25773 _d25773 |
||